[Event "Mlada Boleslav Region-ch U16"]
[Site "Mlada Boleslav"]
[Date "2017.06.24"]
[Round "4"]
[White "Harcuba, Adam"]
[Black "Maronczak, Jiri"]
[Result "1/2-1/2"]
[WhiteElo "1550"]
[BlackElo "1283"]
[PlyCount "105"]
[EventDate "2017.06.24"]
[EventType "swiss"]
[EventRounds "7"]
[EventCountry "CZE"]
[SourceTitle "CBM 179 Extra"]
[Source "ChessBase"]
[SourceDate "2017.08.23"]
[SourceVersion "1"]
[SourceVersionDate "2017.08.23"]
[SourceQuality "1"]

1. d4 Nf6 2. c4 e6 3. Nc3 d5 4. Bg5 Be7 5. e3 h6 6. Bf4 Bd6 7. Bg3 Nc6 8. a3 Bxg3 9. hxg3 Ne7 10. c5 c6 11. b4 Bd7 12. Bd3 Qc7 13. f4 Nf5 14. Qf3 b6 15. g4 Ne7 16. g5 Nfg8 17. gxh6 Nxh6 18. g4 0-0-0 19. a4 f5 20. g5 Nf7 21. Nh3 g6 22. 0-0 Rh4 23. Kg2 Rdh8 24. Rh1 Kd8 25. cxb6 axb6 26. Qe2 Nc8 27. a5 b5 28. Nf2 Rxh1 29. Rxh1 Rxh1 30. Kxh1 Ke7 31. Nfd1 Ncd6 32. Kg1 Bc8 33. Qh2 Qd8 34. Qh7 Qh8 35. Qxg6 Qh3 36. Qf6+ Ke8 37. g6 Qg3+ 38. Kf1 Qh3+ 39. Ke1 Qh6 40. gxf7+ Nxf7 41. Qxh6 Nxh6 42. Nxb5 cxb5 43. Bxb5+ Kd8 44. Bc6 Kc7 45. b5 Nf7 46. Nc3 Nd6 47. a6 Bxa6 48. Bxd5 Bc8 49. Bc6 Kb6 50. Na4+ Ka5 51. b6 Ne4 52. b7 Bxb7 53. Bxb7 1/2-1/2

[Event "Mlada Boleslav Region-ch"]
[Site "Mlada Boleslav"]
[Date "2015.06.21"]
[Round "7"]
[White "Heger, Jan"]
[Black "Maronczak, Jiri"]
[Result "1-0"]
[WhiteElo "1392"]
[BlackElo "1169"]
[PlyCount "111"]
[EventDate "2015.06.20"]
[EventType "swiss"]
[EventRounds "7"]
[EventCountry "CZE"]
[SourceTitle "EXT 2017"]
[Source "ChessBase"]
[SourceDate "2016.10.25"]
[SourceVersion "1"]
[SourceVersionDate "2016.10.25"]
[SourceQuality "1"]

1. e4 e6 2. d4 b6 3. Nc3 Bb7 4. Nf3 c5 5. Bc4 Nf6 6. d5 exd5 7. Nxd5 Nxe4 8. 0-0 Nc6 9. Re1 f5 10. Bg5 Ne7 11. Nxe7 Bxe7 12. Bxe7 Qxe7 13. Nd2 Qh4 14. Nxe4 fxe4 15. Bd5 Bxd5 16. Qxd5 0-0-0 17. Qa8+ Kc7 18. Qxa7+ Kc6 19. Qa4+ Kc7 20. Qxe4 Qf6 21. Qe5+ Qxe5 22. Rxe5 Rde8 23. Rae1 Rxe5 24. Rxe5 Kd6 25. Re4 Ra8 26. a3 Rf8 27. f3 Rf5 28. Kf2 Rh5 29. h3 Rd5 30. Ke3 Rg5 31. g4 Rg6 32. h4 h6 33. c3 Kc6 34. b3 Rf6 35. f4 g6 36. g5 hxg5 37. hxg5 Re6 38. Rxe6+ dxe6 39. Ke4 Kd6 40. b4 b5 41. bxc5+ Kxc5 42. Ke5 Kc4 43. Kxe6 Kxc3 44. f5 gxf5 45. Kxf5 Kb3 46. g6 Kxa3 47. g7 b4 48. g8Q b3 49. Qf8+ Kb2 50. Ke4 Kc2 51. Qc5+ Kd2 52. Qb4+ Kc2 53. Qc4+ Kb2 54. Kd3 Ka1 55. Qc1+ Ka2 56. Kc3 1-0

[Event "Mlada Boleslav Region-ch"]
[Site "Mlada Boleslav"]
[Date "2015.06.20"]
[Round "1"]
[White "Kurek, Pavel"]
[Black "Maronczak, Jiri"]
[Result "0-1"]
[WhiteElo "1413"]
[BlackElo "1169"]
[PlyCount "91"]
[EventDate "2015.06.20"]
[EventType "swiss"]
[EventRounds "7"]
[EventCountry "CZE"]
[SourceTitle "EXT 2017"]
[Source "ChessBase"]
[SourceDate "2016.10.25"]
[SourceVersion "1"]
[SourceVersionDate "2016.10.25"]
[SourceQuality "1"]

1. e4 e6 2. d4 b6 3. Nc3 Bb7 4. Nf3 c5 5. Bc4 Nf6 6. d5 Qe7 7. dxe6 dxe6 8. Bg5 h6 9. Bxf6 Qxf6 10. Bb5+ Bc6 11. Bxc6+ Nxc6 12. 0-0 Be7 13. Qe2 0-0 14. Rad1 Rfd8 15. Rxd8+ Rxd8 16. Rd1 e5 17. Nd5 Qe6 18. h3 Rd7 19. c3 Bf8 20. Qd2 Rd6 21. Nh4 Ne7 22. c4 Nxd5 23. cxd5 Qf6 24. Nf5 Rd7 25. d6 Kh7 26. Qd3 g6 27. Qb5 Rd8 28. d7 gxf5 29. exf5 Qxf5 30. Qc6 Qe6 31. Qc7 Be7 32. Qxa7 Kg8 33. Qa6 Qc6 34. Qd3 Bf6 35. Qd6 Qxd6 36. Rxd6 Be7 37. Rxb6 Rxd7 38. Rxh6 Kg7 39. Rc6 Rd1+ 40. Kh2 Rd2 41. Rc7 Kf8 42. Kg3 Rxb2 43. Rc8+ Kg7 44. Rc7 Bd6 45. Rc6 Rxa2 46. Rxd6 0-1

[Event "Mlada Boleslav Region-ch"]
[Site "Mlada Boleslav"]
[Date "2015.06.20"]
[Round "2"]
[White "Maronczak, Jiri"]
[Black "Havelka, Frantisek"]
[Result "0-1"]
[WhiteElo "1169"]
[BlackElo "1387"]
[PlyCount "38"]
[EventDate "2015.06.20"]
[EventType "swiss"]
[EventRounds "7"]
[EventCountry "CZE"]
[SourceTitle "EXT 2017"]
[Source "ChessBase"]
[SourceDate "2016.10.25"]
[SourceVersion "1"]
[SourceVersionDate "2016.10.25"]
[SourceQuality "1"]

1. e4 c5 2. Nc3 e6 3. g3 a6 4. Bg2 Nc6 5. Nge2 Qc7 6. d4 cxd4 7. Nxd4 Nf6 8. 0-0 Be7 9. Nxc6 bxc6 10. Qd3 d5 11. exd5 cxd5 12. Re1 0-0 13. b3 Bb7 14. Ne2 Rac8 15. Bb2 Qxc2 16. Qxc2 Rxc2 17. Rab1 Bb4 18. Nd4 Rxb2 19. Rxb2 Bxe1 0-1

[Event "Mlada Boleslav Region-ch U20"]
[Site "Mlada Boleslav"]
[Date "2014.06.22"]
[Round "5"]
[White "Dolezal, Karel1111"]
[Black "Maronczak, Jiri"]
[Result "1-0"]
[WhiteElo "1233"]
[BlackElo "1134"]
[PlyCount "135"]
[EventDate "2014.06.21"]
[EventType "swiss"]
[EventRounds "7"]
[EventCountry "CZE"]
[SourceTitle "EXT 2016"]
[Source "ChessBase"]
[SourceDate "2015.10.08"]
[SourceVersion "1"]
[SourceVersionDate "2015.10.08"]
[SourceQuality "1"]

1. e4 e5 2. Nf3 Nf6 3. Nxe5 Qe7 4. d4 d6 5. Nf3 Qxe4+ 6. Qe2 Qxe2+ 7. Bxe2 Nc6 8. Bb5 Bd7 9. Nc3 a6 10. Bxc6 Bxc6 11. Bf4 Be7 12. 0-0-0 0-0 13. Rhe1 Rfe8 14. d5 Bd7 15. Bg5 Kf8 16. h3 Ng8 17. Bxe7+ Rxe7 18. Rxe7 Nxe7 19. Re1 Re8 20. b3 c6 21. dxc6 Bxc6 22. a4 b5 23. axb5 axb5 24. Kb2 Nd5 25. Nxd5 Rxe1 26. Nxe1 Bxd5 27. g3 Be6 28. h4 d5 29. Kc3 Ke7 30. Kb4 Bd7 31. Kc5 Ke6 32. Nf3 f6 33. Nd4+ Ke5 34. Nxb5 g5 35. Nd4 Bf5 36. b4 gxh4 37. gxh4 Bc8 38. b5 f5 39. b6 f4 40. Nf3+ Kf6 41. Kc6 Kf5 42. Kc7 Ba6 43. Nd4+ Ke4 44. Nb3 Kf3 45. Nc5 Kxf2 46. Nxa6 Ke2 47. b7 f3 48. b8Q f2 49. Qb5+ Kf3 50. Qd3+ Kg2 51. Qxd5+ Kg1 52. Qg5+ Kf1 53. Kc6 Ke1 54. Qe3+ Kf1 55. Kb5 h5 56. Kc4 Kg1 57. Qg3+ Kh1 58. Qf3+ Kg1 59. Qf6 Kh1 60. Kd4 Kg1 61. Qxf2+ Kxf2 62. Nc5 Kg3 63. Ne4+ Kxh4 64. Nf2 Kg3 65. Ke3 h4 66. c4 h3 67. Nxh3 Kxh3 68. c5 1-0

[Event "Mlada Boleslav Region-ch U20"]
[Site "Mlada Boleslav"]
[Date "2014.06.21"]
[Round "1"]
[White "Havelka, Frantisek"]
[Black "Maronczak, Jiri"]
[Result "1-0"]
[WhiteElo "1321"]
[BlackElo "1134"]
[PlyCount "36"]
[EventDate "2014.06.21"]
[EventType "swiss"]
[EventRounds "7"]
[EventCountry "CZE"]
[SourceTitle "EXT 2016"]
[Source "ChessBase"]
[SourceDate "2015.10.08"]
[SourceVersion "1"]
[SourceVersionDate "2015.10.08"]
[SourceQuality "1"]

1. c4 c5 2. Nf3 Nc6 3. Nc3 Nf6 4. e3 d5 5. d4 dxc4 6. Bxc4 cxd4 7. exd4 Bf5 8. 0-0 e6 9. Bg5 Be7 10. Ne5 Nxe5 11. dxe5 Qxd1 12. Raxd1 Ng8 13. Nb5 Kf8 14. Bxe7+ Nxe7 15. Rd7 f6 16. Rfd1 Kf7 17. exf6 gxf6 18. Rxb7 Rhe8 1-0

[Event "Mlada Boleslav Region-ch U20"]
[Site "Mlada Boleslav"]
[Date "2014.06.21"]
[Round "3"]
[White "Kolomaznik, Ondrej"]
[Black "Maronczak, Jiri"]
[Result "1-0"]
[WhiteElo "1095"]
[BlackElo "1134"]
[PlyCount "59"]
[EventDate "2014.06.21"]
[EventType "swiss"]
[EventRounds "7"]
[EventCountry "CZE"]
[SourceTitle "EXT 2016"]
[Source "ChessBase"]
[SourceDate "2015.10.08"]
[SourceVersion "1"]
[SourceVersionDate "2015.10.08"]
[SourceQuality "1"]

1. e4 e6 2. d3 d5 3. f3 dxe4 4. fxe4 Bc5 5. Nf3 Nc6 6. Bg5 f6 7. Bh4 e5 8. c3 Bg4 9. h3 Bxf3 10. gxf3 Nge7 11. Bf2 Ng6 12. Bxc5 b6 13. Bb4 Nxb4 14. cxb4 Qd4 15. Qd2 Nh4 16. Bg2 Nxg2+ 17. Qxg2 Rg8 18. Qd2 0-0-0 19. Ke2 Rd7 20. Na3 a6 21. Nc2 Qxb2 22. Rhb1 Qxa1 23. Rxa1 Rgd8 24. Rg1 g6 25. Rd1 f5 26. exf5 gxf5 27. Qg5 Rf8 28. Ne3 Rdf7 29. Nd5 Rd8 30. Ne7+ 1-0

[Event "Mlada Boleslav Region-ch U20"]
[Site "Mlada Boleslav"]
[Date "2014.06.21"]
[Round "4"]
[White "Maronczak, Jiri"]
[Black "Hladka, Gabriela"]
[Result "1-0"]
[WhiteElo "1134"]
[BlackElo "1094"]
[PlyCount "51"]
[EventDate "2014.06.21"]
[EventType "swiss"]
[EventRounds "7"]
[EventCountry "CZE"]
[SourceTitle "EXT 2016"]
[Source "ChessBase"]
[SourceDate "2015.10.08"]
[SourceVersion "1"]
[SourceVersionDate "2015.10.08"]
[SourceQuality "1"]

1. e4 e5 2. Nf3 Nc6 3. d4 exd4 4. Nxd4 Nxd4 5. Qxd4 c5 6. Qd1 c4 7. Bxc4 Bb4+ 8. Bd2 Bxd2+ 9. Qxd2 Nf6 10. Nc3 0-0 11. 0-0 b5 12. Bxb5 Qc7 13. Be2 Bb7 14. Bf3 Rfe8 15. Rfe1 Re5 16. Re2 Nxe4 17. Nxe4 Qb6 18. b3 d5 19. Nc3 Qa5 20. Rxe5 Qa3 21. Bxd5 Ba6 22. Bxa8 h6 23. Be4 g6 24. Qd4 Qb2 25. Re8+ Kh7 26. Qh8# 1-0